Welcome to CU Library Online Public Access Catalogue (OPAC)

Law relating to financial services / (Record no. 553)

MARC details
000 -LEADER
fixed length control field 00657cam a22002054a 4500
001 - CONTROL NUMBER
control field 15996529
005 - DATE AND TIME OF LATEST TRANSACTION
control field 20241102113113.0
008 - FIXED-LENGTH DATA ELEMENTS--GENERAL INFORMATION
fixed length control field 091125s2009 enka 001 0 eng
020 ## - INTERNATIONAL STANDARD BOOK NUMBER
International Standard Book Number 9780852976180 (pbk.)
050 00 - LIBRARY OF CONGRESS CALL NUMBER
Classification number KD1715
100 1# - MAIN ENTRY--PERSONAL NAME
Personal name Roberts, Graham,
Dates associated with a name 1951-
245 10 - TITLE STATEMENT
Title Law relating to financial services /
Statement of responsibility, etc. Graham Roberts.
250 ## - EDITION STATEMENT
Edition statement 4th ed.
260 ## - PUBLICATION, DISTRIBUTION, ETC.
Place of publication, distribution, etc. Kent, United Kingdom :
Name of publisher, distributor, etc. Financial World Pub.,
Date of publication, distribution, etc. 2001.
300 ## - PHYSICAL DESCRIPTION
Extent xxii, 418 p. :
Other physical details ill. ;
Dimensions 21 cm.
500 ## - GENERAL NOTE
General note Includes index.
650 #0 - SUBJECT ADDED ENTRY--TOPICAL TERM
Topical term or geographic name entry element Financial services industry
General subdivision Law and legislation
Geographic subdivision Great Britain.
650 #0 - SUBJECT ADDED ENTRY--TOPICAL TERM
Topical term or geographic name entry element Banking law
Geographic subdivision Great Britain.
942 ## - ADDED ENTRY ELEMENTS (KOHA)
Source of classification or shelving scheme Library of Congress Classification
Koha item type Books
Edition 4th Ed.
Suppress in OPAC No
999 ## -
-- 553
-- 553
Holdings
Withdrawn status Lost status Source of classification or shelving scheme Damaged status Not for loan Collection Home library Current library Shelving location Date acquired Total checkouts Full call number Barcode Date last seen Copy number Price effective from Koha item type
    Library of Congress Classification       Graduate Library (Christ Temple) Graduate Library (Christ Temple) General stacks 05/08/2026   KD 1715 ROB gsct00003450 05/08/2026   05/08/2026 Books
    Library of Congress Classification       Graduate Library (Christ Temple) Graduate Library (Christ Temple) General stacks 05/08/2026   KD 1715 ROB gsct00003451 05/08/2026   05/08/2026 Books
    Library of Congress Classification       Graduate Library (Christ Temple) Graduate Library (Christ Temple) General stacks 05/08/2026   KD 1715 ROB gsct00003452 05/08/2026   05/08/2026 Books
    Library of Congress Classification       Graduate Library (Christ Temple) Graduate Library (Christ Temple) General stacks 05/08/2026   KD 1715 ROB gsct00003453 05/08/2026   05/08/2026 Books
    Library of Congress Classification       Graduate Library (Christ Temple) Graduate Library (Christ Temple) General stacks 05/08/2026   KD 1715 ROB gsct00003454 05/08/2026   05/08/2026 Books
    Library of Congress Classification     Non-fiction Law Library (Miotso) Law Library (Miotso) General stacks 11/02/2024   KD1715 ROB llm00000553 11/02/2024 1 11/02/2024 Books
© 2023-2024 Copyright: Central University Libraries. All Rights Reserved | Created by: Mahone Tech Office